|
|
|
|
| LEADER |
01400nam a2200361Ia 4500 |
| 001 |
EBC3050689 |
| 003 |
MiAaPQ |
| 005 |
20200520144314.0 |
| 006 |
m o d | |
| 007 |
cr cn||||||||| |
| 008 |
040311s2004 dcua sb 000 0 eng d |
| 020 |
|
|
|z 0821357824
|
| 035 |
|
|
|a (MiAaPQ)EBC3050689
|
| 035 |
|
|
|a (Au-PeEL)EBL3050689
|
| 035 |
|
|
|a (CaPaEBR)ebr10057415
|
| 035 |
|
|
|a (CaONFJC)MIL14736
|
| 035 |
|
|
|a (OCoLC)55732022
|
| 040 |
|
|
|a MiAaPQ
|c MiAaPQ
|d MiAaPQ
|
| 050 |
|
4 |
|a HC415.26
|b .H385 2004
|
| 082 |
0 |
4 |
|a 338.95695
|2 22
|
| 100 |
1 |
|
|a Hassan, Fareed M. A.
|
| 245 |
1 |
0 |
|a Jordan
|h [electronic resource] :
|b supporting stable development in a challenging region : a joint World Bank-Islamic Development Bank evaluation /
|c Fareed M.A. Hassan.
|
| 260 |
|
|
|a Washington, DC :
|b World Bank,
|c 2004.
|
| 300 |
|
|
|a xxii, 130 p. :
|b ill.
|
| 490 |
1 |
|
|a Operations evaluation studies
|
| 504 |
|
|
|a Includes bibliographical references.
|
| 533 |
|
|
|a Electronic reproduction. Ann Arbor, MI : ProQuest, 2015. Available via World Wide Web. Access may be limited to ProQuest affiliated libraries.
|
| 651 |
|
0 |
|a Jordan
|x Economic conditions.
|
| 651 |
|
0 |
|a Jordan
|x Social conditions.
|
| 655 |
|
4 |
|a Electronic books.
|
| 710 |
2 |
|
|a ProQuest (Firm)
|
| 830 |
|
0 |
|a World Bank operations evaluation study.
|
| 856 |
4 |
0 |
|u https://ebookcentral.proquest.com/lib/matrademy/detail.action?docID=3050689
|z Click to View
|